000 01401nam a22003017a 4500
003 AM-YEHGA
001 1361960
005 20250617163516.0
008 180524s1961 un a||||r||f||000|1|rus||
040 _aAM-YeHGA
041 0 _arus
100 1 _aСтарицкий, Михаил Петрович
245 1 0 _aБуря :
_bИсторический роман [о Б. Хмельницком] /
_cМ. Старицкий ; [Худ. : И. Ф. Манец].
260 _aКиев :
_bМолодь,
_c1961.
300 _a504 с., 1 л. цв. ил. :
_bил. ;
_c22 см.
490 1 _aИсторические повесть и роман
500 _aПродолж. романа "Перед бурей"
500 _aПродолжением является роман У Пристани
600 1 4 _aХмельницкий, Богдан Михайлович
650 1 4 _aУкраинская художественная литература
_xИсторические романы
653 0 _aУкраина, 17 в. (х. л.)
653 0 _aКазачество украинское (х. л.)
653 0 _aНационально-освободительное движение на Украине, 17 в. (х. л.)
700 1 _aМанец, И. Ф.
_eхуд.
_4art
830 0 _aИсторические повесть и роман
942 _2udc
_cBK
090 _c511173
999 _c507743
_d507743